[Event "British Rapidplay Championship 2023"]
[Site "Mercure Bradford, Bankfield Hotel"]
[Date "2023.04.15"]
[Round "3.7"]
[White "Brencher, Paul"]
[Black "Bennett, Eric"]
[Result "1-0"]
[TimeControl "All moves in 15 minutes plus 10 second increment per move from move 1"]
[WhiteElo "2022"]
[BlackElo "1730"]

1. d4 {[%clk 00:15:17]} {[%emt 00:00:02]} d5 {[%clk 00:15:19]} {[%emt
00:00:02]} 2. Nc3 {[%clk 00:15:23]} {[%emt 00:00:04]} c6 {[%clk 00:15:27]}
{[%emt 00:00:01]} 3. Bf4 {[%clk 00:15:24]} {[%emt 00:00:09]} a6 {[%clk
00:15:32]} {[%emt 00:00:05]} 4. f3 {[%clk 00:15:05]} {[%emt 00:00:29]} g6
{[%clk 00:15:27]} {[%emt 00:00:15]} 5. Qd2 {[%clk 00:14:07]} {[%emt 00:01:08]}
Bg7 {[%clk 00:15:34]} {[%emt 00:00:03]} 6. O-O-O {[%clk 00:14:02]} {[%emt
00:00:15]} b5 {[%clk 00:15:42]} {[%emt 00:00:02]} 7. e4 {[%clk 00:12:31]}
{[%emt 00:01:42]} e6 {[%clk 00:15:50]} {[%emt 00:00:01]} 8. h4 {[%clk
00:11:58]} {[%emt 00:00:44]} Nd7 {[%clk 00:15:56]} {[%emt 00:00:03]} 9. h5
{[%clk 00:10:47]} {[%emt 00:01:20]} Qa5 {[%clk 00:15:53]} {[%emt 00:00:13]} 10.
Kb1 {[%clk 00:09:02]} {[%emt 00:01:56]} Bb7 {[%clk 00:15:48]} {[%emt 00:00:14]}
11. hxg6 {[%clk 00:05:04]} {[%emt 00:04:09]} hxg6 {[%clk 00:15:55]} {[%emt
00:00:02]} 12. Rxh8 {[%clk 00:05:08]} {[%emt 00:00:08]} Bxh8 {[%clk 00:16:03]}
13. Nh3 {[%clk 00:05:07]} {[%emt 00:00:11]} b4 {[%clk 00:16:01]} {[%emt
00:00:13]} 14. Ne2 {[%clk 00:05:06]} {[%emt 00:00:10]} Qb6 {[%clk 00:16:09]}
{[%emt 00:00:02]} 15. Nc1 {[%clk 00:04:31]} {[%emt 00:00:45]} a5 {[%clk
00:16:16]} {[%emt 00:00:03]} 16. Ng5 {[%clk 00:04:05]} {[%emt 00:00:37]} Bf6
{[%clk 00:15:58]} {[%emt 00:00:27]} 17. e5 {[%clk 00:02:36]} {[%emt 00:01:39]}
Bxg5 {[%clk 00:15:57]} {[%emt 00:00:11]} 18. Bxg5 {[%clk 00:02:46]} c5 {[%clk
00:16:04]} {[%emt 00:00:03]} 19. dxc5 {[%clk 00:02:23]} {[%emt 00:00:34]} Qxc5
{[%clk 00:16:08]} {[%emt 00:00:06]} 20. Nb3 {[%clk 00:02:01]} {[%emt 00:00:31]}
Qc7 {[%clk 00:16:14]} {[%emt 00:00:04]} 21. f4 {[%clk 00:01:43]} {[%emt
00:00:29]} Nb6 {[%clk 00:16:17]} {[%emt 00:00:06]} 22. Bb5+ {[%clk 00:01:19]}
{[%emt 00:00:34]} Bc6 {[%clk 00:16:16]} {[%emt 00:00:10]} 23. Nd4 {[%clk
00:01:26]} {[%emt 00:00:05]} Bd7 {[%clk 00:16:10]} {[%emt 00:00:15]} 24. Qd3
{[%clk 00:01:24]} {[%emt 00:00:13]} Ne7 {[%clk 00:16:10]} {[%emt 00:00:09]} 25.
Rh1 {[%clk 00:01:04]} {[%emt 00:00:31]} Bxb5 {[%clk 00:12:42]} {[%emt
00:03:37]} 26. Nxb5 {[%clk 00:01:06]} {[%emt 00:00:08]} Qc5 {[%clk 00:12:30]}
{[%emt 00:00:22]} 27. Nd6+ {[%clk 00:00:52]} {[%emt 00:00:25]} Kd7 {[%clk
00:12:36]} {[%emt 00:00:03]} 28. Nxf7 {[%clk 00:00:43]} {[%emt 00:00:20]} Nf5
{[%clk 00:12:13]} {[%emt 00:00:32]} 29. g4 {[%clk 00:00:32]} {[%emt 00:00:21]}
Nd4 {[%clk 00:11:50]} {[%emt 00:00:33]} 30. Nd6 {[%clk 00:00:32]} {[%emt
00:00:10]} Kc6 {[%clk 00:11:18]} {[%emt 00:00:41]} 31. c3 {[%clk 00:00:21]}
{[%emt 00:00:22]} bxc3 {[%clk 00:11:05]} {[%emt 00:00:23]} 32. Qxc3 {[%clk
00:00:16]} {[%emt 00:00:15]} Qxc3 {[%clk 00:11:00]} {[%emt 00:00:16]} 33. bxc3
{[%clk 00:00:26]} Nb5 {[%clk 00:10:56]} {[%emt 00:00:13]} 34. Nxb5 {[%clk
00:00:27]} {[%emt 00:00:09]} Kxb5 {[%clk 00:11:05]} {[%emt 00:00:01]} 35. Rh6
{[%clk 00:00:23]} {[%emt 00:00:15]} Rg8 {[%clk 00:11:09]} {[%emt 00:00:05]} 36.
Rh7 {[%clk 00:00:20]} {[%emt 00:00:14]} Na4 {[%clk 00:11:13]} {[%emt 00:00:05]}
37. Kc2 {[%clk 00:00:28]} {[%emt 00:00:02]} Rc8 {[%clk 00:11:20]} {[%emt
00:00:03]} 38. Rg7 {[%clk 00:00:29]} {[%emt 00:00:10]} Rxc3+ {[%clk 00:11:27]}
{[%emt 00:00:02]} 39. Kd2 {[%clk 00:00:32]} {[%emt 00:00:08]} Ra3 {[%clk
00:11:32]} {[%emt 00:00:04]} 40. Rxg6 {[%clk 00:00:36]} {[%emt 00:00:06]} Rxa2+
{[%clk 00:11:41]} {[%emt 00:00:01]} 41. Ke3 {[%clk 00:00:35]} {[%emt 00:00:11]}
Nc5 {[%clk 00:11:50]} {[%emt 00:00:01]} 42. f5 {[%clk 00:00:30]} {[%emt
00:00:16]} exf5 {[%clk 00:11:56]} {[%emt 00:00:04]} 43. gxf5 {[%clk 00:00:39]}
{[%emt 00:00:01]} a4 {[%clk 00:11:51]} {[%emt 00:00:15]} 44. Be7 {[%clk
00:00:20]} {[%emt 00:00:29]} Ne4 {[%clk 00:11:52]} {[%emt 00:00:08]} 45. f6
{[%clk 00:00:21]} {[%emt 00:00:10]} Rf2 {[%clk 00:10:44]} {[%emt 00:01:18]} 46.
Rg4 {[%clk 00:00:22]} {[%emt 00:00:08]} Rf5 {[%clk 00:10:52]} {[%emt 00:00:02]}
47. Kd4 {[%clk 00:00:20]} {[%emt 00:00:12]} Kc6 {[%clk 00:10:39]} {[%emt
00:00:23]} 48. Rg6 {[%clk 00:00:24]} {[%emt 00:00:05]} Kd7 {[%clk 00:09:15]}
{[%emt 00:01:35]} 49. Kxd5 {[%clk 00:00:30]} {[%emt 00:00:04]} Nc3+ {[%clk
00:09:16]} {[%emt 00:00:09]} 50. Kc4 {[%clk 00:00:33]} {[%emt 00:00:07]} Ne4
{[%clk 00:09:13]} {[%emt 00:00:13]} 51. Kd4 {[%clk 00:00:24]} {[%emt 00:00:20]}
Nd2 {[%clk 00:09:05]} {[%emt 00:00:17]} 52. Rg2 {[%clk 00:00:17]} {[%emt
00:00:17]} Nb3+ {[%clk 00:08:54]} {[%emt 00:00:21]} 53. Ke4 {[%clk 00:00:20]}
{[%emt 00:00:06]} Rf1 {[%clk 00:09:03]} {[%emt 00:00:02]} 54. Bb4 {[%clk
00:00:20]} {[%emt 00:00:11]} Ke6 {[%clk 00:09:02]} {[%emt 00:00:10]} 55. Rg7
{[%clk 00:00:18]} {[%emt 00:00:12]} Nc5+ {[%clk 00:08:44]} {[%emt 00:00:28]} 56.
Bxc5 {[%clk 00:00:22]} {[%emt 00:00:07]} Re1+ {[%clk 00:08:52]} {[%emt
00:00:02]} 57. Be3 {[%clk 00:00:22]} {[%emt 00:00:54]} 1-0

[Event "British Rapidplay Championship 2023"]
[Site "Mercure Bradford, Bankfield Hotel"]
[Date "2023.04.15"]
[Round "3.8"]
[White "Sisupalan, Beni"]
[Black "Singh, Amrik J"]
[Result "1-0"]
[TimeControl "All moves in 15 minutes plus 10 second increment per move from move 1"]
[WhiteElo "1497"]
[BlackElo "2000"]

1. e4 {[%clk 00:15:19]} {[%emt 00:00:01]} g6 {[%clk 00:15:19]} {[%emt
00:00:01]} 2. d4 {[%clk 00:15:27]} {[%emt 00:00:01]} Bg7 {[%clk 00:15:28]}
{[%emt 00:00:02]} 3. Nf3 {[%clk 00:15:36]} {[%emt 00:00:01]} d6 {[%clk
00:15:37]} {[%emt 00:00:02]} 4. Nc3 {[%clk 00:15:44]} Nd7 {[%clk 00:15:46]}
{[%emt 00:00:02]} 5. Be3 {[%clk 00:15:46]} {[%emt 00:00:08]} a6 {[%clk
00:15:54]} {[%emt 00:00:02]} 6. Qd2 {[%clk 00:15:50]} {[%emt 00:00:05]} b5
{[%clk 00:16:03]} {[%emt 00:00:02]} 7. a3 {[%clk 00:15:53]} {[%emt 00:00:07]}
Bb7 {[%clk 00:16:12]} {[%emt 00:00:01]} 8. Bd3 {[%clk 00:15:57]} {[%emt
00:00:05]} Rc8 {[%clk 00:16:21]} {[%emt 00:00:02]} 9. O-O {[%clk 00:15:57]}
{[%emt 00:00:10]} e6 {[%clk 00:16:24]} {[%emt 00:00:06]} 10. Rfe1 {[%clk
00:15:47]} {[%emt 00:00:21]} c5 {[%clk 00:16:32]} {[%emt 00:00:02]} 11. d5
{[%clk 00:15:04]} {[%emt 00:00:52]} e5 {[%clk 00:16:03]} {[%emt 00:00:40]} 12.
h3 {[%clk 00:13:59]} {[%emt 00:01:14]} h6 {[%clk 00:16:11]} {[%emt 00:00:03]}
13. g3 {[%clk 00:13:55]} {[%emt 00:00:13]} Ne7 {[%clk 00:16:19]} {[%emt
00:00:02]} 14. Nh2 {[%clk 00:13:47]} {[%emt 00:00:18]} c4 {[%clk 00:16:17]}
{[%emt 00:00:13]} 15. Be2 {[%clk 00:13:30]} {[%emt 00:00:27]} Nc5 {[%clk
00:16:25]} {[%emt 00:00:02]} 16. f4 {[%clk 00:13:26]} {[%emt 00:00:13]} Qd7
{[%clk 00:15:48]} {[%emt 00:00:47]} 17. Kg2 {[%clk 00:13:16]} {[%emt 00:00:21]}
a5 {[%clk 00:15:53]} {[%emt 00:00:05]} 18. Bf3 {[%clk 00:12:54]} {[%emt
00:00:31]} b4 {[%clk 00:14:57]} {[%emt 00:01:07]} 19. Ne2 {[%clk 00:12:35]}
{[%emt 00:00:29]} Qb5 {[%clk 00:14:33]} {[%emt 00:00:34]} 20. axb4 {[%clk
00:11:40]} {[%emt 00:01:04]} axb4 {[%clk 00:14:41]} {[%emt 00:00:02]} 21. fxe5
{[%clk 00:09:59]} {[%emt 00:01:51]} Bxe5 {[%clk 00:14:43]} {[%emt 00:00:08]} 22.
Nd4 {[%clk 00:08:44]} {[%emt 00:01:25]} Qb6 {[%clk 00:14:19]} {[%emt 00:00:34]}
23. Ng4 {[%clk 00:08:40]} {[%emt 00:00:14]} h5 {[%clk 00:14:12]} {[%emt
00:00:17]} 24. Nxe5 {[%clk 00:08:26]} {[%emt 00:00:24]} dxe5 {[%clk 00:14:20]}
{[%emt 00:00:02]} 25. Ne2 {[%clk 00:08:28]} {[%emt 00:00:08]} Qb5 {[%clk
00:13:58]} {[%emt 00:00:33]} 26. Red1 {[%clk 00:07:35]} {[%emt 00:01:02]} O-O
{[%clk 00:13:23]} {[%emt 00:00:45]} 27. Bh6 {[%clk 00:07:01]} {[%emt 00:00:44]}
Rfd8 {[%clk 00:12:06]} {[%emt 00:01:28]} 28. Qg5 {[%clk 00:06:38]} {[%emt
00:00:33]} Kh7 {[%clk 00:09:39]} {[%emt 00:02:37]} 29. Qxe5 {[%clk 00:04:24]}
{[%emt 00:02:24]} Kxh6 {[%clk 00:09:01]} {[%emt 00:00:47]} 30. Qxe7 {[%clk
00:04:27]} {[%emt 00:00:07]} Re8 {[%clk 00:08:51]} {[%emt 00:00:21]} 31. Qxf7
{[%clk 00:04:29]} {[%emt 00:00:07]} Rf8 {[%clk 00:08:23]} {[%emt 00:00:39]} 32.
Qe7 {[%clk 00:04:28]} {[%emt 00:00:11]} Rce8 {[%clk 00:08:14]} {[%emt
00:00:19]} 33. Qh4 {[%clk 00:04:28]} {[%emt 00:00:09]} c3 {[%clk 00:08:00]}
{[%emt 00:00:25]} 34. Nd4 {[%clk 00:04:20]} {[%emt 00:00:17]} Qd7 {[%clk
00:07:21]} {[%emt 00:00:49]} 35. bxc3 {[%clk 00:04:03]} {[%emt 00:00:27]} bxc3
{[%clk 00:07:00]} {[%emt 00:00:31]} 36. Re1 {[%clk 00:03:53]} {[%emt 00:00:20]}
Qf7 {[%clk 00:06:38]} {[%emt 00:00:32]} 37. g4 {[%clk 00:03:10]} {[%emt
00:00:53]} Nxe4 {[%clk 00:04:49]} {[%emt 00:01:59]} 38. Rxe4 {[%clk 00:02:10]}
{[%emt 00:01:11]} Rxe4 {[%clk 00:04:56]} {[%emt 00:00:03]} 39. g5+ {[%clk
00:02:17]} {[%emt 00:00:03]} Kh7 {[%clk 00:04:21]} {[%emt 00:00:45]} 40. Qxe4
{[%clk 00:02:23]} {[%emt 00:00:03]} Re8 {[%clk 00:03:59]} {[%emt 00:00:32]} 41.
Ne6 {[%clk 00:02:17]} {[%emt 00:00:16]} Qe7 {[%clk 00:03:30]} {[%emt 00:00:40]}
42. Ra7 {[%clk 00:01:54]} {[%emt 00:00:33]} Qd7 {[%clk 00:03:11]} {[%emt
00:00:29]} 43. Qe5 {[%clk 00:01:47]} {[%emt 00:00:17]} Re7 {[%clk 00:02:59]}
{[%emt 00:00:22]} 44. Nf8+ {[%clk 00:01:51]} {[%emt 00:00:06]} 1-0

[Event "British Rapidplay Championship 2023"]
[Site "Mercure Bradford, Bankfield Hotel"]
[Date "2023.04.15"]
[Round "3.9"]
[White "Khoury, Theo"]
[Black "Stephens, Carl"]
[Result "1-0"]
[TimeControl "All moves in 15 minutes plus 10 second increment per move from move 1"]
[WhiteElo "1990"]
[BlackElo "1682"]

1. e4 {[%clk 00:15:18]} {[%emt 00:00:02]} c5 {[%clk 00:15:15]} {[%emt
00:00:07]} 2. c3 {[%clk 00:15:26]} Nc6 {[%clk 00:15:08]} {[%emt 00:00:17]} 3.
d4 {[%clk 00:15:34]} {[%emt 00:00:03]} cxd4 {[%clk 00:15:16]} {[%emt 00:00:02]}
4. cxd4 {[%clk 00:15:42]} {[%emt 00:00:01]} e6 {[%clk 00:15:22]} {[%emt
00:00:04]} 5. Nc3 {[%clk 00:15:19]} {[%emt 00:00:33]} Bb4 {[%clk 00:13:44]}
{[%emt 00:01:48]} 6. Nf3 {[%clk 00:15:06]} {[%emt 00:00:23]} Nf6 {[%clk
00:13:50]} {[%emt 00:00:03]} 7. Bd3 {[%clk 00:15:05]} {[%emt 00:00:11]} O-O
{[%clk 00:13:41]} {[%emt 00:00:20]} 8. O-O {[%clk 00:15:10]} {[%emt 00:00:06]}
a6 {[%clk 00:13:29]} {[%emt 00:00:22]} 9. e5 {[%clk 00:14:49]} {[%emt
00:00:30]} Bxc3 {[%clk 00:12:14]} {[%emt 00:01:25]} 10. bxc3 {[%clk 00:14:44]}
{[%emt 00:00:15]} Nd5 {[%clk 00:12:08]} {[%emt 00:00:16]} 11. Bxh7+ {[%clk
00:12:34]} {[%emt 00:02:20]} Kh8 {[%clk 00:09:06]} {[%emt 00:03:12]} 12. Ng5
{[%clk 00:12:32]} {[%emt 00:00:12]} g6 {[%clk 00:09:05]} {[%emt 00:00:11]} 13.
Qg4 {[%clk 00:12:05]} {[%emt 00:00:36]} f5 {[%clk 00:08:57]} {[%emt 00:00:19]}
14. Qh4 {[%clk 00:12:03]} {[%emt 00:00:13]} Kg7 15. Nxe6+ {[%clk 00:12:10]}
dxe6 {[%clk 00:08:33]} {[%emt 00:00:13]} 16. Qh6+ {[%clk 00:12:19]} {[%emt
00:00:01]} Kf7 {[%clk 00:08:34]} {[%emt 00:00:10]} 17. Bxg6+ {[%clk 00:12:27]}
{[%emt 00:00:02]} Ke7 {[%clk 00:06:10]} {[%emt 00:02:34]} 18. Qg7+ {[%clk
00:12:35]} {[%emt 00:00:01]} Rf7 {[%clk 00:04:51]} {[%emt 00:01:29]} 19. Qxf7#
{[%clk 00:12:32]} {[%emt 00:00:02]} 1-0

[Event "British Rapidplay Championship 2023"]
[Site "Mercure Bradford, Bankfield Hotel"]
[Date "2023.04.15"]
[Round "3.10"]
[White "Lloyd, Stephen M"]
[Black "Pink, Joshua"]
[Result "0-1"]
[TimeControl "All moves in 15 minutes plus 10 second increment per move from move 1"]
[WhiteElo "1579"]
[BlackElo "1988"]

1. d4 {[%clk 00:15:18]} {[%emt 00:00:02]} d5 {[%clk 00:15:08]} {[%emt
00:00:11]} 2. Nf3 {[%clk 00:15:26]} {[%emt 00:00:03]} Nf6 {[%clk 00:15:14]}
{[%emt 00:00:04]} 3. e3 {[%clk 00:15:32]} {[%emt 00:00:04]} c5 {[%clk
00:15:23]} 4. dxc5 {[%clk 00:15:38]} {[%emt 00:00:05]} Nc6 {[%clk 00:15:32]} 5.
Bb5 {[%clk 00:15:41]} {[%emt 00:00:07]} e6 {[%clk 00:15:40]} {[%emt 00:00:02]}
6. Ne5 {[%clk 00:15:22]} {[%emt 00:00:28]} Bd7 {[%clk 00:15:35]} {[%emt
00:00:14]} 7. Bxc6 {[%clk 00:15:18]} {[%emt 00:00:14]} Bxc6 {[%clk 00:15:42]}
{[%emt 00:00:04]} 8. b4 {[%clk 00:15:18]} {[%emt 00:00:11]} a5 {[%clk
00:15:13]} {[%emt 00:00:38]} 9. c3 {[%clk 00:15:20]} {[%emt 00:00:08]} axb4
{[%clk 00:15:21]} {[%emt 00:00:02]} 10. cxb4 {[%clk 00:15:27]} {[%emt
00:00:03]} Qc7 {[%clk 00:15:22]} {[%emt 00:00:09]} 11. Bb2 {[%clk 00:15:17]}
{[%emt 00:00:20]} b6 {[%clk 00:15:19]} {[%emt 00:00:12]} 12. O-O {[%clk
00:14:31]} {[%emt 00:00:57]} bxc5 {[%clk 00:15:17]} {[%emt 00:00:13]} 13. bxc5
{[%clk 00:14:36]} {[%emt 00:00:04]} Rb8 {[%clk 00:15:23]} {[%emt 00:00:04]} 14.
Nxc6 {[%clk 00:12:01]} {[%emt 00:02:45]} Rxb2 {[%clk 00:15:30]} {[%emt
00:00:03]} 15. Qa4 {[%clk 00:11:28]} {[%emt 00:00:43]} Nd7 {[%clk 00:14:27]}
{[%emt 00:01:13]} 16. Nc3 {[%clk 00:10:11]} {[%emt 00:01:27]} Bxc5 {[%clk
00:13:38]} {[%emt 00:00:59]} 17. Rab1 {[%clk 00:09:53]} {[%emt 00:00:27]} Rxb1
{[%clk 00:13:28]} {[%emt 00:00:21]} 18. Rxb1 {[%clk 00:10:01]} {[%emt
00:00:02]} O-O {[%clk 00:13:25]} {[%emt 00:00:12]} 19. Nd4 {[%clk 00:09:19]}
{[%emt 00:00:53]} Nb6 {[%clk 00:13:07]} {[%emt 00:00:28]} 20. Qb5 {[%clk
00:08:41]} {[%emt 00:00:48]} Bxd4 {[%clk 00:12:11]} {[%emt 00:01:07]} 21. exd4
{[%clk 00:08:48]} {[%emt 00:00:02]} Nc4 {[%clk 00:12:06]} {[%emt 00:00:15]} 22.
Qc5 {[%clk 00:06:59]} {[%emt 00:01:59]} Qd7 {[%clk 00:11:31]} {[%emt 00:00:44]}
23. g3 {[%clk 00:05:27]} {[%emt 00:01:43]} h6 {[%clk 00:11:40]} 24. a4 {[%clk
00:05:22]} {[%emt 00:00:15]} Rc8 {[%clk 00:11:49]} 25. Qb5 {[%clk 00:05:23]}
{[%emt 00:00:09]} Qa7 {[%clk 00:11:16]} {[%emt 00:00:43]} 26. Kg2 {[%clk
00:04:34]} {[%emt 00:00:59]} Na3 {[%clk 00:11:03]} {[%emt 00:00:23]} 27. Qb7
{[%clk 00:04:08]} {[%emt 00:00:37]} Qxb7 {[%clk 00:11:00]} {[%emt 00:00:12]} 28.
Rxb7 {[%clk 00:04:16]} {[%emt 00:00:02]} Rxc3 {[%clk 00:11:09]} {[%emt
00:00:01]} 29. a5 {[%clk 00:04:15]} {[%emt 00:00:12]} Rc6 {[%clk 00:10:30]}
{[%emt 00:00:48]} 30. Rb6 {[%clk 00:03:56]} {[%emt 00:00:29]} Rc7 {[%clk
00:10:36]} {[%emt 00:00:04]} 31. a6 {[%clk 00:03:55]} {[%emt 00:00:11]} Ra7
{[%clk 00:10:44]} {[%emt 00:00:02]} 32. Kf3 {[%clk 00:04:00]} {[%emt 00:00:05]}
Nc4 {[%clk 00:10:44]} {[%emt 00:00:10]} 33. Rc6 {[%clk 00:04:04]} {[%emt
00:00:06]} Kf8 {[%clk 00:10:43]} {[%emt 00:00:11]} 34. Ke2 {[%clk 00:04:04]}
{[%emt 00:00:10]} Ke7 {[%clk 00:10:51]} {[%emt 00:00:03]} 0-1

[Event "British Rapidplay Championship 2023"]
[Site "Mercure Bradford, Bankfield Hotel"]
[Date "2023.04.15"]
[Round "3.11"]
[White "Hall, James"]
[Black "Chedd, Neil"]
[Result "1-0"]
[TimeControl "All moves in 15 minutes plus 10 second increment per move from move 1"]
[WhiteElo "1980"]
[BlackElo "1663"]

1. d4 {[%clk 00:15:15]} {[%emt 00:00:04]} c6 {[%clk 00:15:17]} {[%emt
00:00:04]} 2. e4 {[%clk 00:15:23]} {[%emt 00:00:02]} d5 {[%clk 00:15:24]}
{[%emt 00:00:02]} 3. Nc3 {[%clk 00:15:31]} {[%emt 00:00:02]} dxe4 {[%clk
00:15:31]} {[%emt 00:00:03]} 4. Bc4 {[%clk 00:15:40]} {[%emt 00:00:01]} Nf6
{[%clk 00:15:04]} {[%emt 00:00:37]} 5. f3 {[%clk 00:15:49]} {[%emt 00:00:02]}
exf3 {[%clk 00:15:00]} {[%emt 00:00:14]} 6. Nxf3 {[%clk 00:15:56]} {[%emt
00:00:02]} e6 {[%clk 00:14:46]} {[%emt 00:00:23]} 7. O-O {[%clk 00:15:50]}
{[%emt 00:00:17]} Bd6 {[%clk 00:13:45]} {[%emt 00:01:12]} 8. Qe1 {[%clk
00:15:18]} {[%emt 00:00:42]} Qe7 {[%clk 00:10:21]} {[%emt 00:03:33]} 9. Bg5
{[%clk 00:14:01]} {[%emt 00:01:28]} h6 {[%clk 00:09:18]} {[%emt 00:01:13]} 10.
Qh4 {[%clk 00:13:38]} {[%emt 00:00:33]} O-O {[%clk 00:08:31]} {[%emt 00:00:56]}
11. Bd3 {[%clk 00:12:29]} {[%emt 00:01:19]} Nbd7 {[%clk 00:06:00]} {[%emt
00:02:41]} 12. Bxh6 {[%clk 00:09:12]} {[%emt 00:03:28]} gxh6 {[%clk 00:02:53]}
{[%emt 00:03:15]} 13. Qxh6 {[%clk 00:09:19]} {[%emt 00:00:04]} Re8 {[%clk
00:01:22]} {[%emt 00:01:41]} 14. Ng5 {[%clk 00:07:52]} {[%emt 00:01:38]} Qf8
{[%clk 00:00:31]} {[%emt 00:01:01]} 15. Bh7+ {[%clk 00:06:57]} {[%emt
00:01:04]} Kh8 {[%clk 00:00:34]} {[%emt 00:00:07]} 16. Nxf7+ {[%clk 00:07:01]}
{[%emt 00:00:06]} Qxf7 {[%clk 00:00:24]} {[%emt 00:00:20]} 17. Bg6+ {[%clk
00:07:09]} {[%emt 00:00:02]} Kg8 {[%clk 00:00:26]} {[%emt 00:00:08]} 18. Bxf7+
{[%clk 00:07:17]} {[%emt 00:00:02]} Kxf7 {[%clk 00:00:34]} {[%emt 00:00:02]} 19.
Ne4 {[%clk 00:07:25]} {[%emt 00:00:02]} Be7 {[%clk 00:00:27]} {[%emt 00:00:16]}
20. Ng5+ {[%clk 00:07:20]} {[%emt 00:00:16]} Kg8 {[%clk 00:00:33]} {[%emt
00:00:04]} 21. Qg6+ {[%clk 00:07:14]} {[%emt 00:00:16]} Kh8 {[%clk 00:00:34]}
{[%emt 00:00:09]} 22. Nf7# {[%clk 00:07:21]} {[%emt 00:00:01]} 1-0

[Event "British Rapidplay Championship 2023"]
[Site "Mercure Bradford, Bankfield Hotel"]
[Date "2023.04.15"]
[Round "3.12"]
[White "Sivanandan, Bodhana"]
[Black "Monterde, Angel"]
[Result "1-0"]
[TimeControl "All moves in 15 minutes plus 10 second increment per move from move 1"]
[WhiteElo "1975"]
[BlackElo "1646"]

1. e4 {[%clk 00:15:18]} {[%emt 00:00:03]} e6 {[%clk 00:15:18]} {[%emt
00:00:02]} 2. d4 {[%clk 00:15:25]} {[%emt 00:00:03]} b6 {[%clk 00:15:27]} 3.
Nf3 {[%clk 00:15:28]} {[%emt 00:00:07]} Bb7 {[%clk 00:15:35]} {[%emt 00:00:02]}
4. Bd3 {[%clk 00:15:30]} {[%emt 00:00:07]} d5 {[%clk 00:15:31]} {[%emt
00:00:15]} 5. e5 {[%clk 00:15:17]} {[%emt 00:00:23]} c5 {[%clk 00:15:37]}
{[%emt 00:00:04]} 6. c3 {[%clk 00:15:16]} {[%emt 00:00:12]} Ne7 {[%clk
00:15:41]} {[%emt 00:00:06]} 7. h4 {[%clk 00:14:48]} {[%emt 00:00:37]} Nec6
{[%clk 00:15:21]} {[%emt 00:00:30]} 8. Be3 {[%clk 00:13:58]} {[%emt 00:00:59]}
Be7 {[%clk 00:15:05]} {[%emt 00:00:27]} 9. h5 {[%clk 00:13:29]} {[%emt
00:00:39]} Ba6 {[%clk 00:14:11]} {[%emt 00:01:04]} 10. Bxa6 {[%clk 00:12:59]}
{[%emt 00:00:40]} Nxa6 {[%clk 00:14:19]} {[%emt 00:00:03]} 11. Nbd2 {[%clk
00:12:17]} {[%emt 00:00:51]} Rc8 {[%clk 00:11:10]} {[%emt 00:03:19]} 12. Qa4
{[%clk 00:10:37]} {[%emt 00:01:50]} Nab8 {[%clk 00:11:10]} {[%emt 00:00:10]} 13.
dxc5 {[%clk 00:08:33]} {[%emt 00:02:13]} bxc5 {[%clk 00:10:56]} {[%emt
00:00:25]} 14. O-O {[%clk 00:07:43]} {[%emt 00:01:00]} Nd7 {[%clk 00:09:59]}
{[%emt 00:01:07]} 15. a3 {[%clk 00:07:00]} {[%emt 00:00:53]} Qc7 {[%clk
00:07:40]} {[%emt 00:02:30]} 16. Bf4 {[%clk 00:06:10]} {[%emt 00:00:59]} Nb6
{[%clk 00:03:55]} {[%emt 00:03:55]} 17. Qd1 {[%clk 00:05:48]} {[%emt 00:00:32]}
h6 {[%clk 00:02:41]} {[%emt 00:01:24]} 18. b4 {[%clk 00:05:14]} {[%emt
00:00:43]} c4 {[%clk 00:02:44]} {[%emt 00:00:08]} 19. Qc2 {[%clk 00:04:54]}
{[%emt 00:00:30]} Nd7 {[%clk 00:02:27]} {[%emt 00:00:27]} 20. Rfe1 {[%clk
00:04:42]} {[%emt 00:00:22]} Bg5 {[%clk 00:02:13]} {[%emt 00:00:24]} 21. Bg3
{[%clk 00:04:31]} {[%emt 00:00:21]} Bxd2 {[%clk 00:01:54]} {[%emt 00:00:29]} 22.
Qxd2 {[%clk 00:04:39]} {[%emt 00:00:02]} Qb6 {[%clk 00:01:30]} {[%emt
00:00:34]} 23. a4 {[%clk 00:04:25]} {[%emt 00:00:24]} O-O {[%clk 00:01:30]}
{[%emt 00:00:11]} 24. Bf4 {[%clk 00:04:17]} {[%emt 00:00:18]} f5 {[%clk
00:00:39]} {[%emt 00:01:01]} 25. exf6 {[%clk 00:03:39]} {[%emt 00:00:47]} Rxf6
{[%clk 00:00:47]} {[%emt 00:00:02]} 26. Ne5 {[%clk 00:03:34]} {[%emt 00:00:15]}
Ndxe5 {[%clk 00:00:55]} {[%emt 00:00:02]} 27. Bxe5 {[%clk 00:03:41]} {[%emt
00:00:04]} Nxe5 {[%clk 00:01:03]} {[%emt 00:00:02]} 28. Rxe5 {[%clk 00:03:49]}
{[%emt 00:00:01]} Rcf8 {[%clk 00:01:09]} {[%emt 00:00:04]} 29. Rf1 {[%clk
00:03:53]} {[%emt 00:00:06]} a5 {[%clk 00:01:17]} {[%emt 00:00:02]} 30. b5
{[%clk 00:03:59]} {[%emt 00:00:04]} Rf5 {[%clk 00:01:20]} {[%emt 00:00:07]} 31.
Qe3 {[%clk 00:03:44]} {[%emt 00:00:25]} Rxe5 {[%clk 00:01:17]} {[%emt
00:00:14]} 32. Qxb6 {[%clk 00:03:51]} {[%emt 00:00:02]} Re2 {[%clk 00:01:20]}
{[%emt 00:00:07]} 33. Qc6 {[%clk 00:03:52]} {[%emt 00:00:09]} 1-0